[Event "GEO-ch U20 Boys 2020"]
[Site "Tbilisi"]
[Date "2020.08.08"]
[Round "3.1"]
[White "Kacharava, Nikolozi"]
[Black "Tskipurishvili, Daviti"]
[Result "1-0"]
[WhiteElo "2437"]
[BlackElo "1902"]
[Annotator "TA"]
[PlyCount "104"]
[EventDate "2020.08.06"]
[EventType "tourn"]
[EventCountry "GEO"]
[SourceTitle "playchess.com"]
[Source "ChessBase"]
[SourceQuality "1"]

{[%evp 12,104,14,14,28,25,38,16,14,12,22,14,21,23,40,39,25,37,41,28,39,33,37,22,22,20,27,24,81,75,81,70,100,71,72,72,118,117,122,118,105,57,42,31,40,34,84,89,215,215,279,272,231,264,272,231,251,208,197,0,212,154,406,386,498,233,233,233,235,232,249,241,235,194,251,224,212,0,254,251,237,219,197,149,127,63,63,14,63,62,5133,4943,4943,2774,1739]} 1. e4 c6 2. d4 d5 3. e5 Bf5 4. Nf3 e6 5. Be2 c5 6. Be3 Qb6 {is currently scoring better than 6...cxd4. Played by Maxime Vachier Lagrave in May 2020.} 7. Nc3 c4 {B12: Caro-Kann: Advance Variation.} 8. Rb1 Bb4 9. Bd2 Nc6 {The position is equal.} 10. a3 Bxc3 11. Bxc3 {[#]} Qc7 $146 ({Predecessor:} 11... Nge7 12. O-O Ng6 13. b3 cxb3 14. Rxb3 Qc7 15. Bd3 Bxd3 16. Qxd3 O-O 17. Bd2 Rfc8 {½-½ (52) Weinwurm,W (2119)-Klein,K (1936) Bad Wiessee 2019}) 12. Nh4 Bg6 13. Nxg6 hxg6 14. O-O Nge7 15. b3 b5 16. Qd2 Nf5 17. Bg4 Qe7 18. bxc4 bxc4 19. Bb4 Qh4 (19... Nxb4 $11 {remains equal.} 20. axb4 Qh4) 20. h3 $16 Qh6 21. Qxh6 Nxh6 22. c3 Nxg4 23. hxg4 Rh4 24. f3 O-O-O 25. Bd6 Rd7 26. g3 Rh8 27. Rb5 Rb7 $1 {[%cal Rb7b5]} 28. a4 Rd8 29. f4 Rxb5 (29... Rb6 $16) 30. axb5 {[%mdl 4096] Endgame KRB-KRN} Nb8 31. f5 $1 gxf5 32. gxf5 exf5 33. Rxf5 Rd7 34. Rh5 {Rh8+ is the strong threat.} Rd8 35. Rf5 Rd7 $1 36. g4 Kb7 $2 (36... a6 $16 {is a better defense.}) 37. g5 $18 a6 38. bxa6+ (38. Bxb8 $142 g6 39. Rf6 Kxb8 40. bxa6) 38... Nxa6 {[#]} 39. g6 $1 {[%cal Rg6f7][%mdl 512]} fxg6 40. Rg5 Nc7 41. Rxg6 Ne8 42. Bc5 Rf7 (42... Rd8 {keeps fighting.} 43. Bb4 Ra8) 43. Re6 Nc7 44. Rg6 $2 ({Better is} 44. Rb6+ $18 Kc8 45. Bb4) 44... Kc8 $2 {[%mdl 8192]} (44... Ne8 $1 $11 {and Black stays safe.}) 45. Kg2 Kd7 {intending ...Ne6.} 46. Rd6+ Ke8 47. Bb6 {Hoping for Bxc7.} Nb5 {[#]} 48. Rxd5 ({White should try} 48. Rd8+ $1 $16 Ke7 49. Rxd5 Nxc3 50. Rd6) 48... Nxc3 $14 49. Rd8+ Ke7 50. d5 {Threatens to win with d6+.} Na4 $2 {[%mdl 8192]} (50... Ne2 $14) 51. d6+ $18 Ke6 52. Re8+ Kd5 {Accuracy: White = 78%, Black = 63%.} 1-0

[Event "GEO-ch U20 Boys 2020"]
[Site "Tbilisi"]
[Date "2020.08.08"]
[Round "3.2"]
[White "Adamia, Jaba"]
[Black "Petriashvili, Nikoloz"]
[Result "1/2-1/2"]
[WhiteElo "1905"]
[BlackElo "2423"]
[Annotator "TA"]
[PlyCount "62"]
[EventDate "2020.08.06"]
[EventType "tourn"]
[EventCountry "GEO"]
[SourceTitle "playchess.com"]
[Source "ChessBase"]
[SourceQuality "1"]

{[%evp 19,62,19,20,11,43,47,47,28,32,46,32,0,15,-9,-4,-11,-15,-16,64,39,57,0,0,0,0,0,0,0,0,0,0,0,0,0,0,0,0,0,0,0,0,0,0,0,0]} 1. d4 Nf6 2. Nf3 g6 3. c4 Bg7 4. g3 c5 5. d5 O-O 6. Nc3 a6 7. a4 e6 8. Bg2 exd5 9. cxd5 d6 10. O-O Re8 11. Re1 {A62: Modern Benoni: Fianchetto Variation without early ...Nbd7.} Ne4 12. Nxe4 Rxe4 13. Nd2 {White is slightly better. is the legacy move (13.Qc2).} Rb4 14. Qc2 Nd7 {[#]} 15. e4 $146 ({Predecessor:} 15. Ra2 a5 16. b3 b5 17. axb5 Rxb5 18. e4 Rb4 19. Ba3 Rbb8 20. Bf1 Ba6 21. Bxa6 Rxa6 {0-1 (49) Colas,J (2352)-Hernandez Carmenates,H (2510) Chicago 2017}) 15... Rb8 16. Ra3 b5 17. axb5 axb5 18. b3 Qf6 (18... Ne5 $11) 19. Ra2 $14 Qc3 {With the idea ...Qxc2.} 20. Ba3 (20. Qb1 $14) 20... Qxc2 $11 {The position is equal.} 21. Rxc2 Rd4 22. Bb2 Rb4 $1 23. Ba3 Rd4 24. Bb2 Rb4 $1 25. Ba3 Rd4 26. Bb2 $36 {[%mdl 2048] White fights for an advantage.} Rb4 $1 27. Ba3 Rd4 28. Bb2 Rb4 $1 29. Ba3 Rd4 30. Bb2 Rb4 $1 31. Ba3 Rd4 {Accuracy: White = 89%, Black = 90%.} 1/2-1/2

[Event "GEO-ch U20 Boys 2020"]
[Site "Tbilisi"]
[Date "2020.08.08"]
[Round "3.3"]
[White "Akhvlediani, Irakli"]
[Black "Tsereteli, Tornike"]
[Result "1/2-1/2"]
[WhiteElo "2358"]
[BlackElo "1735"]
[Annotator "TA"]
[PlyCount "81"]
[EventDate "2020.08.06"]
[EventType "tourn"]
[EventCountry "GEO"]
[SourceTitle "playchess.com"]
[Source "ChessBase"]
[SourceQuality "1"]

{[%evp 17,81,36,34,39,33,33,32,27,18,15,18,17,25,37,44,39,43,6,10,0,0,0,0,-3,-6,-28,-34,-22,0,-9,0,0,6,6,4,0,6,0,44,-5,0,0,0,-16,-12,-7,-15,-27,-14,0,0,0,0,-47,-21,-25,0,-26,-21,-38,-6,-6,-6,-6,-4,-7]} 1. c4 Nf6 2. Nf3 e6 3. d4 d5 4. g3 dxc4 5. Bg2 Nc6 6. Qa4 Bb4+ 7. Bd2 Nd5 8. Bxb4 Ndxb4 9. O-O Rb8 10. Na3 {E04: Open Catalan: 5 Nf3.} O-O $1 {10...0-0 is better than 10...a6.} 11. Qb5 $1 b6 12. Qxc4 {White is slightly better.} Ba6 13. Nb5 Qd5 14. Qxd5 Nxd5 15. a4 Na5 16. Ne5 Rbd8 17. Rac1 Nb3 18. Rcd1 Nb4 19. e3 c5 {[#]} 20. dxc5 $146 ({Predecessor:} 20. Nd3 Rd7 21. Nxb4 cxb4 22. Bc6 Re7 23. e4 Na5 24. d5 exd5 25. exd5 Rd8 26. Rfe1 Rxe1+ 27. Rxe1 Bxb5 28. axb5 {½-½ (42) Baryshpolets,A (2548)-Hernandez Carmenates,H (2523) New York 2016}) 20... Nxc5 21. b3 f6 ({Stronger than} 21... Nxb3 22. Rxd8 Rxd8 23. Rb1 $16) 22. Nc4 Nd5 ({But not} 22... Nxb3 $6 23. Rxd8 Rxd8 24. Rb1 $16) 23. Ncd6 Rxd6 24. Nxd6 {[#] Threatens to win with Nb5.} Bxf1 25. Kxf1 Rd8 26. Nc4 Rc8 27. Bh3 Nc3 28. Rd6 {[#] And now b4 would win.} (28. Rc1 $5 {[%cal Rc1c3]} Na2 29. Rc2 $14) 28... f5 29. a5 b5 30. Nd2 b4 {Hoping for ...Nb5.} 31. Rd4 Rb8 32. g4 N3e4 {White should prevent ...Nxd2+.} (32... g6 {is interesting.} 33. gxf5 exf5 34. Bg2 Rb5 35. Bc6 Rxa5 36. Rxb4 Ra2) 33. gxf5 Nxd2+ 34. Rxd2 Nxb3 $11 {[%mdl 4096] Endgame KRB-KRN} 35. Rd1 exf5 36. Bxf5 {aiming for Be6+.} Nxa5 37. Rd5 Nc6 38. Rc5 Rb6 (38... Ne7 $5 {[%cal Re7f5]} 39. Be6+ Kf8 $15) 39. Be4 {The position is equal.} Ne7 40. Rc7 Kf7 41. Rxa7 {Accuracy: White = 88%, Black = 84%.} 1/2-1/2

[Event "GEO-ch U20 Boys 2020"]
[Site "Tbilisi"]
[Date "2020.08.08"]
[Round "3.4"]
[White "Qalichava, Akaki"]
[Black "Tsomaia, Nikoloz"]
[Result "0-1"]
[WhiteElo "1832"]
[BlackElo "2240"]
[Annotator "TA"]
[PlyCount "118"]
[EventDate "2020.08.06"]
[EventType "tourn"]
[EventCountry "GEO"]
[SourceTitle "playchess.com"]
[Source "ChessBase"]
[SourceQuality "1"]

{[%evp 24,118,16,16,16,13,15,13,15,16,23,31,25,0,38,-14,-14,-14,-14,-16,29,0,15,-69,-27,-48,-42,-97,-93,-100,-112,-114,-101,-145,-104,-131,-132,-166,-176,-163,-164,-261,-245,-203,-165,-211,-201,-244,-247,-252,-248,-235,-163,-194,-191,-186,-186,-167,-193,-198,-165,-225,-220,-216,-154,-182,-74,-73,-17,0,-24,-4,-21,-127,-98,-187,-84,-145,-98,-184,-187,-245,-236,-481,-93,-29982,-29983,-29983,-29984,-29984,-29985,-29979,-2258,-29980,-29981,-29982,-29983]} 1. e4 e5 2. Nf3 Nc6 3. Bb5 a6 4. Ba4 Nf6 5. O-O Be7 6. Re1 b5 7. Bb3 d6 8. c3 O-O 9. h3 Nb8 {[%cal Bc6b8,Bb8d7,Bd7c5][%mdl 32]} 10. d4 Nbd7 11. a4 Bb7 12. Nbd2 c5 13. d5 c4 {C95: Closed Ruy Lopez: Breyer Variation with 10 d4.} 14. Bc2 Nc5 15. Nf1 Nfd7 {The position is equal.} 16. Be3 Qc7 17. Ng3 g6 {[#]} 18. h4 $146 ({Predecessor:} 18. Nh2 Qd8 19. Qg4 Nf6 20. Qf3 h5 21. Bxc5 dxc5 22. Qe3 Qd6 23. Nf3 Nh7 24. Ra2 Rab8 25. Rea1 Bc8 26. axb5 {½-½ (26) Lopez Raygoza,L (2249)-Ochoa de la Rosa,M (2417) Santa Clara 2019}) 18... Nb6 19. Bxc5 ({White should play} 19. a5 $14 Nba4 20. Qc1) 19... Qxc5 $11 20. Qd2 Rfb8 21. h5 Kg7 22. Ng5 Qc8 23. Nh3 (23. a5 $11 Nd7 24. f4) 23... Nd7 24. Re3 Qd8 25. Nf1 ({White should try} 25. f4 $15) 25... Bc8 $17 26. Rf3 Nc5 27. Ne3 Kg8 28. Kh2 Bd7 29. a5 Bf8 30. Rg3 Bh6 31. Kg1 Qh4 32. hxg6 (32. Qd1 $142) 32... fxg6 $19 ({Much less strong is} 32... hxg6 33. Qd1 $19) 33. Qe2 {Nf5 would now be nice for White.} Nxe4 34. Bxe4 Qxe4 35. Ng5 Bxg5 $1 36. Rxg5 Rf8 37. Rg3 Qh4 38. Rf3 Rxf3 39. Qxf3 Rf8 40. Qe2 Bf5 41. Qd2 Be4 {And now ...Qg5 would win.} 42. f3 (42. Nf1 {was necessary.}) 42... Bd3 43. Re1 Rf4 44. Ng4 {[#]} h5 (44... Qg3 $1 $19 {...Rxf3 is the strong threat.} 45. Re3 h5) 45. Nf2 $17 Bf5 (45... g5 $17 {Strongly threatening ...g4.} 46. Qe3 Rf6 47. Nxd3 cxd3) 46. Qe3 $11 Qg3 47. Nh1 $1 {[%cal Rh1g3]} Qg5 $1 48. Re2 (48. Nf2 $1 $11) 48... Bd3 $36 {[%mdl 2048] Keeping White busy.} 49. Rf2 (49. Re1 $17) 49... Qd8 (49... h4 $19 {has better winning chances.} 50. Qa7 h3) 50. Qa7 Qc8 51. Qe7 (51. Kh2 $17) 51... Qc5 $19 52. Qe6+ (52. g4 $142) 52... Kg7 53. Kh2 $2 (53. Qd7+ Rf7 54. Qc6) 53... Qe3 $2 (53... Rh4+ 54. Kg1 $19) (53... e4 $19 {and Black stays clearly on top.} 54. fxe4 Rxf2 55. Nxf2 Qxf2 56. Qxd6 Kh6) 54. Kg1 $2 {[%mdl 8192] This move loses the game for White.} (54. Qe7+ $17 Rf7 55. Qxd6) 54... Qc1+ 55. Rf1 Qxf1+ 56. Kh2 Rh4+ 57. Kg3 Qe1+ ({Weaker is} 57... Rxh1 58. Qe7+ Kg8 59. Qd8+ Kh7 60. Qe7+ Kg8 61. Qd8+ Kh7 62. Qe7+ Kg8 $11) 58. Nf2 {[#]} Rf4 $1 59. Qxd6 h4+ {Accuracy: White = 41%, Black = 63%.} 0-1

[Event "GEO-ch U20 Boys 2020"]
[Site "Tbilisi"]
[Date "2020.08.08"]
[Round "3.5"]
[White "Kukhaleishvili, Giorgi"]
[Black "Khodashneli, Shota"]
[Result "0-1"]
[WhiteElo "1801"]
[BlackElo "1940"]
[Annotator "TA"]
[PlyCount "102"]
[EventDate "2020.08.06"]
[EventType "tourn"]
[EventCountry "GEO"]
[SourceTitle "playchess.com"]
[Source "ChessBase"]
[SourceQuality "1"]

{[%evp 9,102,27,46,20,14,14,20,19,11,7,31,18,18,2,11,3,12,16,15,0,6,-18,-17,-22,-10,-18,-22,-27,5,0,0,-6,12,-8,-17,-9,-16,-14,-14,-11,-7,-24,-11,-94,-94,-93,-94,-105,-93,-114,-74,-78,-27,-87,-92,-123,-127,-121,-130,-131,-121,-116,-121,-132,-133,-134,-116,-128,-121,-125,0,0,0,0,0,0,0,0,0,0,7,0,0,0,0,0,0,-8,-8,-8,-8,-8,-8,-29987,-29988]} 1. e4 d5 2. exd5 Qxd5 3. Nc3 Qd6 4. d4 Nf6 5. h3 a6 6. a4 {B01: Scandinavian Defence.} Nc6 7. Nf3 Bf5 8. Bd3 {The position is equal.} Bxd3 9. Qxd3 g6 10. Be3 Bg7 11. O-O O-O {[#]} 12. Rad1 $146 ({Predecessor:} 12. Ne2 Nd5 13. Rac1 e6 14. Rfd1 Nxe3 15. Qxe3 Rfe8 16. c4 Rad8 17. h4 Qe7 18. Nc3 Qf6 19. Ne4 Qf5 20. g4 Bh6 21. gxf5 Bxe3 {1-0 (22) Chihi,M (1526)-Ibrahim,A (1661) Hammamet 2019}) 12... Rad8 13. Qc4 e6 14. Rd2 Nd5 15. Ne4 Nxe3 16. fxe3 Qd5 17. Qxd5 exd5 18. Nc5 Bh6 19. Kf2 Rfe8 20. Re2 a5 21. b3 b6 $36 {[%mdl 2048] Black has the initiative.} 22. Nd3 Nb4 23. Nxb4 axb4 24. Ne5 Re6 25. Rfe1 Rde8 26. e4 (26. Nd3 $11 {remains equal.}) 26... dxe4 $17 27. Rxe4 Bd2 $1 {[%cal Rd2e1]} 28. Rd1 Bc3 {aiming for ...f6.} 29. Rf4 f6 30. Nc4 f5 (30... Re2+ $17 31. Kg1 Rxc2) 31. g4 (31. Kf1 $11 {keeps the balance.}) 31... Re2+ 32. Kf3 {[#]} fxg4+ $1 ({Much weaker is} 32... Rxc2 $6 33. gxf5 Be1 34. fxg6 $15) 33. hxg4 Rxc2 34. Re4 {[#]} Rf2+ $1 {[%mdl 512]} 35. Kxf2 Rxe4 {[%mdl 4096] Endgame KRB-KRN} 36. d5 Rxg4 37. d6 cxd6 38. Rxd6 {[#]} h5 $1 39. Nxb6 Rg5 (39... h4 $17 40. Nc4 Bd4+ 41. Kf3 Rg3+ 42. Kf4 Bc5) 40. Rd5 $11 Rxd5 41. Nxd5 {KB-KN} Bd4+ 42. Kf3 Kf7 43. a5 g5 44. Nxb4 g4+ 45. Kg3 Be5+ 46. Kh4 Bf6+ 47. Kg3 Be5+ 48. Kg2 h4 {Hoping for ...h3+.} 49. Nc6 h3+ 50. Kh1 $1 Bf4 {( -> ...g3)} 51. a6 $2 {[%mdl 8192]} (51. Nd4 $11) 51... g3 {Accuracy: White = 79%, Black = 90%.} 0-1

[Event "GEO-ch U20 Boys 2020"]
[Site "Tbilisi"]
[Date "2020.08.09"]
[Round "4.1"]
[White "Tsomaia, Nikoloz"]
[Black "Kacharava, Nikolozi"]
[Result "0-1"]
[WhiteElo "2240"]
[BlackElo "2437"]
[Annotator "TA"]
[PlyCount "58"]
[EventDate "2020.08.06"]
[EventType "tourn"]
[EventCountry "GEO"]
[SourceTitle "playchess.com"]
[Source "ChessBase"]
[SourceQuality "1"]

{[%evp 16,58,30,33,40,36,43,36,30,18,6,5,15,10,18,15,42,36,59,53,62,62,91,50,47,53,54,32,34,-70,-27,-31,-30,-39,-39,-111,-112,-197,-186,-291,-304,-487,-487,-481,-464]} 1. e4 d6 2. d4 Nf6 3. Nc3 g6 4. Be3 c6 5. Qd2 b5 6. Bd3 Nbd7 7. Nf3 Bg7 8. Bh6 Bxh6 9. Qxh6 {And now e5 would win.} e5 $1 {B08: Pirc Defence: Classical System.} 10. O-O Ng4 11. Qd2 O-O {White is slightly better.} 12. h3 Ngf6 $1 13. Ne2 {[#]} a6 $146 ({Predecessor:} 13... c5 14. c3 Rb8 15. Ng3 Qb6 16. d5 c4 17. Bc2 b4 18. Qh6 Nc5 19. Ng5 b3 {1-0 (27) Landa,K (2609)-Iskandarov,M (2235) Nakhchivan 2011}) 14. a4 Bb7 15. Ng3 Re8 16. c3 Nf8 17. axb5 cxb5 18. d5 N6d7 19. b4 Rc8 20. Rfc1 Nb6 $1 21. Ne2 f5 22. Qa2 ({Better is} 22. Ng3 $14) 22... Kg7 23. Nd2 fxe4 24. Bxe4 Nfd7 {[%cal Bf8d7,Bd7f6,Bf6e4,Be4g3][%mdl 32]} 25. Ng3 (25. c4 $15) 25... Nf6 $17 26. c4 (26. Kh2 $17) 26... bxc4 $19 {[%mdl 64] [#] Overworked Piece} 27. Nxc4 (27. Bf3 $142) 27... Nxe4 ({Weaker is} 27... Nbxd5 28. Qd2 $17) 28. Nxb6 $2 (28. Nxe4 Rxc4 29. Rxc4 Bxd5 {[%mdl 64] Pin} 30. Qd2 Bxc4 31. Nxd6) 28... Rxc1+ ({Worse is} 28... Qxb6 29. Nxe4 Rxc1+ 30. Rxc1 $11) 29. Rxc1 Nxg3 {Accuracy: White = 50%, Black = 89%.} 0-1

[Event "GEO-ch U20 Boys 2020"]
[Site "Tbilisi"]
[Date "2020.08.09"]
[Round "4.2"]
[White "Khodashneli, Shota"]
[Black "Petriashvili, Nikoloz"]
[Result "0-1"]
[WhiteElo "1940"]
[BlackElo "2423"]
[Annotator "TA"]
[PlyCount "46"]
[EventDate "2020.08.06"]
[EventType "tourn"]
[EventCountry "GEO"]
[SourceTitle "playchess.com"]
[Source "ChessBase"]
[SourceQuality "1"]

{[%evp 13,46,37,25,37,31,17,27,16,17,18,8,3,0,2,4,0,0,0,9,9,6,0,0,-32,-38,-24,-25,-35,-35,-306,-301,-630,-626,-753,-729]} 1. e4 c5 2. Nf3 Nc6 3. Bb5 g6 4. O-O Bg7 5. c3 e5 6. d3 Nge7 7. Be3 d6 8. d4 {B31: Sicilian: 2...Nc6 3 Bb5 g6.} exd4 9. cxd4 Bg4 {[#]} 10. d5 $146 {[%mdl 64] [#] Pin. White has an edge.} ({Predecessor:} 10. Nc3 cxd4 11. Bxd4 O-O 12. Bxg7 Kxg7 13. h3 Bxf3 14. Qxf3 Nd4 15. Qd3 Nxb5 16. Nxb5 {1-0 (84) Stanec,N (2456)-Pinter,E (2393) Austria 2017}) 10... a6 {[%cal Ba7a6,Ba6b5,Bb5b4][%mdl 32]} 11. dxc6 {c7+ is the strong threat.} axb5 12. cxb7 Rb8 $1 13. Nc3 Rxb7 14. h3 Bxf3 15. Qxf3 {And now e5! would win.} b4 16. e5 d5 $1 17. Na4 c4 $1 18. Nc5 Rb5 19. a4 bxa3 $1 20. Rxa3 O-O $36 {[%mdl 2048] Strongly threatening ...d4. Black has some pressure.} 21. Ra7 $2 {[%mdl 8192]} (21. e6 $1 $15) 21... Nc6 $19 {[%mdl 64] [#] Double Attack} ({And not} 21... Rxb2 22. Bg5 $16) ({Weaker is} 21... Bxe5 22. Bg5 $15) 22. Nb7 $2 (22. Ra3 Rxb2 23. Rd1) 22... Qb8 23. Nd6 {[%cal Ra7f7]} Nxe5 {White did not feel at home in the position after the opening. Accuracy: White = 51%, Black = 100%.} 0-1

[Event "GEO-ch U20 Boys 2020"]
[Site "Tbilisi"]
[Date "2020.08.09"]
[Round "4.3"]
[White "Naqopia, Giorgi"]
[Black "Akhvlediani, Irakli"]
[Result "0-1"]
[WhiteElo "1806"]
[BlackElo "2358"]
[Annotator "ChessBase"]
[PlyCount "68"]
[EventDate "2020.08.06"]
[EventType "tourn"]
[EventCountry "GEO"]
[SourceTitle "playchess.com"]
[Source "ChessBase"]
[SourceQuality "1"]
[TimeControl "40/5400+30:1800+30"]

1. d4 {[%emt 0:00:00]} Nf6 {[%emt 0:02:21]} 2. Bg5 {[%emt 0:00:00]} e6 {[%emt 0:00:08]} 3. e4 {[%emt 0:00:00]} h6 {[%emt 0:00:03]} 4. Bxf6 {[%emt 0:00:00]} Qxf6 {[%emt 0:00:05]} 5. Nf3 {[%emt 0:00:00]} c5 {[%emt 0:01:34]} 6. e5 {[%emt 0:00:00]} Qd8 {[%emt 0:00:28]} 7. d5 {[%emt 0:00:00]} exd5 {[%emt 0:02:59]} 8. Qxd5 {[%emt 0:00:06]} Be7 {[%emt 0:00:03]} 9. Nc3 {[%emt 0:02:58]} Nc6 {[%emt 0:04:23]} 10. O-O-O {[%emt 0:01:20]} O-O {[%emt 0:06:27]} 11. a3 {[%emt 0:03:08]} b5 {[%emt 0:04:32]} 12. Bxb5 {[%emt 0:02:40]} Qb6 {[%emt 0:00:05]} 13. h4 {[%emt 0:12:36]} Rb8 {[%emt 0:03:57]} 14. Qe4 {[%emt 0:10:59]} Ba6 {[%emt 0:24:14]} 15. Bxa6 {[%emt 0:00:41]} Qxa6 {[%emt 0:05:37]} 16. Ng5 {[%emt 0:07:41]} g6 {[%emt 0:13:23]} 17. e6 {[%emt 0:29:47]} dxe6 {[%emt 0:03:50]} 18. Nxe6 {[%emt 0:05:46]} Rfc8 {[%emt 0:07:48]} 19. Rd7 {[%emt 0:08:38]} Qb6 {[%emt 0:10:11]} 20. Na4 {[%emt 0:01:09]} Qb5 {[%emt 0:00:05]} 21. h5 {[%emt 0:05:26]} g5 {[%emt 0:03:27]} 22. f4 {[%emt 0:01:56]} c4 {[%emt 0:02:10]} 23. fxg5 {[%emt 0:03:36]} hxg5 {[%emt 0:00:02]} 24. h6 {[%emt 0:01:23]} Bf6 {[%emt 0:00:53]} 25. c3 {[%emt 0:01:42]} Ne5 {[%emt 0:00:38]} 26. Rd5 {[%emt 0:00:22]} Nd3+ {[%emt 0:00:15]} 27. Kd2 {[%emt 0:00:50]} Qxa4 {[%emt 0:00:54]} 28. h7+ {[%emt 0:00:18]} Kh8 {[%emt 0:00:00]} 29. Qf5 {[%emt 0:00:06]} Rxb2+ {[%emt 0:00:08]} 30. Ke3 {[%emt 0:00:04]} Bxc3 {[%emt 0:01:11]} 31. Re5 {[%emt 0:01:31]} Bxe5 {[%emt 0:00:53]} 32. Nxg5 {[%emt 0:00:41]} Bf4+ {[%emt 0:00:15]} 33. Kf3 {[%emt 0:00:05]} Qc6+ {[%emt 0:00:11]} 34. Kg4 {[%emt 0:00:53]} Rxg2+ {[%emt 0:00:22]} 0-1

[Event "GEO-ch U20 Boys 2020"]
[Site "Tbilisi"]
[Date "2020.08.09"]
[Round "4.4"]
[White "Tsereteli, Tornike"]
[Black "Adamia, Jaba"]
[Result "0-1"]
[WhiteElo "1735"]
[BlackElo "1905"]
[Annotator "TA"]
[PlyCount "60"]
[EventDate "2020.08.06"]
[EventType "tourn"]
[EventCountry "GEO"]
[SourceTitle "playchess.com"]
[Source "ChessBase"]
[SourceQuality "1"]

{[%evp 24,60,12,4,58,-204,-200,-681,-681,-674,-671,-695,-673,-670,-673,-670,-658,-722,-714,-717,-737,-748,-734,-732,-735,-789,-783,-1245,-1266,-1492,-1475,-1537,-1512,-1420,-1347,-1330,-1301,-1509,-1447]} 1. e4 c5 2. c3 d5 3. exd5 Qxd5 4. d4 Nc6 5. Nf3 Nf6 6. Be3 cxd4 7. cxd4 e6 8. Nc3 Qd6 9. Bd3 Be7 10. a3 O-O 11. O-O b6 12. Qe2 Bb7 13. Rad1 Ng4 {[#] B22: Sicilian: 2 c3.} (13... Rad8 $11) 14. Bb1 $146 {[%mdl 8192] [#]} (14. d5 $1 $14 {[%mdl 512] keeps the upper hand.} Nxe3 (14... exd5 15. Nxd5) 15. Qxe3 exd5 16. Nxd5 $1 {[%mdl 512]}) ({Predecessor:} 14. Ne4 Qc7 15. h3 Nxe3 16. fxe3 Rad8 17. Nfg5 h6 18. Qh5 Bxg5 19. Nxg5 Qg3 20. Nf3 Rd5 21. Qh4 Qxh4 22. Nxh4 {½-½ (28) Tompa,J (2408)-Pataki,G (2375) Zalakaros 2006}) 14... Nxd4 $1 $19 {[%mdl 512]} 15. Bxd4 $2 (15. Rxd4 Bxf3 {[#]} 16. Bxh7+ $1 {[%mdl 512]} Kh8 17. Rxd6 Bxe2 18. Rd7 Bxf1 19. Be4) 15... Bxf3 $1 {[%csl Gg4][%cal Rd6h2] Black is clearly winning.} 16. Be5 Qxd1 ({Not} 16... Nxe5 $2 17. Qc2 $18) (16... Qxe5 $2 17. Qxe5 Nxe5 18. gxf3 $19) 17. Qb5 a6 18. Qxb6 Qd7 19. Bg3 Bb7 20. Qa5 Nf6 21. Qg5 Qc6 {[%csl Gb7][%cal Rc6g2]} 22. Be5 h6 23. Qg3 Nh5 24. Qg4 f5 25. Qg6 Bg5 {[%csl Gb7][%cal Rc6g2]} 26. Be4 fxe4 27. Qxh5 e3 {[%csl Gb7][%cal Rc6g2]} 28. f3 {[#]} e2 $1 29. Nxe2 Qc5+ 30. Bd4 Be3+ {[%mdl 64] Discovered Attack. White got outplayed after the opening} 0-1

[Event "GEO-ch U20 Boys 2020"]
[Site "Tbilisi"]
[Date "2020.08.09"]
[Round "4.5"]
[White "Tskipurishvili, Daviti"]
[Black "Safarov, Deniel"]
[Result "0-1"]
[WhiteElo "1902"]
[BlackElo "1766"]
[Annotator "ChessBase"]
[PlyCount "86"]
[EventDate "2020.08.06"]
[EventType "tourn"]
[EventCountry "GEO"]
[SourceTitle "playchess.com"]
[Source "ChessBase"]
[SourceQuality "1"]
[TimeControl "40/5400+30:1800+30"]

1. d4 {[%emt 0:08:35]} Nf6 {[%emt 0:00:00]} 2. Nf3 {[%emt 0:00:03]} g6 {[%emt 0:00:00]} 3. Nc3 {[%emt 0:00:25]} d6 {[%emt 0:02:12]} 4. e4 {[%emt 0:00:20]} Bg7 {[%emt 0:00:00]} 5. Be2 {[%emt 0:00:06]} Nbd7 {[%emt 0:00:33]} 6. e5 {[%emt 0:02:25]} Ng8 {[%emt 0:12:56]} 7. e6 {[%emt 0:06:01]} fxe6 {[%emt 0:02:37]} 8. Ng5 {[%emt 0:00:51]} Ndf6 {[%emt 0:04:26]} 9. Bc4 {[%emt 0:01:06]} d5 {[%emt 0:06:31]} 10. Bd3 {[%emt 0:03:15]} Nh6 {[%emt 0:01:00]} 11. h4 {[%emt 0:11:54]} O-O {[%emt 0:13:29]} 12. Qe2 {[%emt 0:08:09]} e5 {[%emt 0:05:49]} 13. dxe5 {[%emt 0:01:44]} Nfg4 {[%emt 0:02:43]} 14. f4 {[%emt 0:03:21]} Bxe5 {[%emt 0:05:50]} 15. h5 {[%emt 0:07:04]} Bxf4 {[%emt 0:11:12]} 16. Bxf4 {[%emt 0:02:30]} Rxf4 {[%emt 0:08:11]} 17. Ne6 {[%emt 0:05:52]} Bxe6 {[%emt 0:01:30]} 18. Qxe6+ {[%emt 0:01:00]} Kg7 {[%emt 0:00:51]} 19. hxg6 {[%emt 0:16:24]} Rf6 {[%emt 0:00:50]} 20. Qxd5 {[%emt 0:02:47]} hxg6 {[%emt 0:01:22]} 21. O-O-O {[%emt 0:08:00]} Qxd5 {[%emt 0:04:31]} 22. Nxd5 {[%emt 0:00:04]} Nf2 {[%emt 0:00:18]} 23. Nxf6 {[%emt 0:01:58]} exf6 {[%emt 0:03:31]} 24. Rhe1 {[%emt 0:04:12]} Nxd1 {[%emt 0:01:08]} 25. Kxd1 {[%emt 0:03:52]} Ng8 {[%emt 0:02:13]} 26. Kd2 {[%emt 0:00:29]} Rd8 {[%emt 0:00:24]} 27. Kc3 {[%emt 0:00:05]} Rd7 {[%emt 0:01:17]} 28. Re8 {[%emt 0:00:31]} Ne7 {[%emt 0:00:07]} 29. Ra8 {[%emt 0:00:08]} Nd5+ {[%emt 0:03:33]} 30. Kb3 {[%emt 0:00:28]} Rd6 {[%emt 0:02:33]} 31. Rxa7 {[%emt 0:01:16]} Rb6+ {[%emt 0:00:03]} 32. Ka3 {[%emt 0:00:24]} Nb4 {[%emt 0:00:58]} 33. Be4 {[%emt 0:00:16]} f5 {[%emt 0:00:23]} 34. Rxb7 {[%emt 0:00:52]} fxe4 {[%emt 0:00:18]} 35. Rxb6 {[%emt 0:00:20]} Nxc2+ {[%emt 0:00:03]} 36. Kb3 {[%emt 0:00:01]} Na1+ {[%emt 0:00:09]} 37. Kc3 {[%emt 0:00:14]} cxb6 {[%emt 0:00:03]} 38. a4 {[%emt 0:01:26]} e3 {[%emt 0:02:33]} 39. Kd3 {[%emt 0:00:27]} Nb3 {[%emt 0:00:18]} 40. Kxe3 {[%emt 0:00:06]} Nc5 {[%emt 0:00:11]} 41. a5 {[%emt 0:30:58]} bxa5 {[%emt 0:30:18]} 42. Kd4 {[%emt 0:00:01]} Na4 {[%emt 0:00:36]} 43. b3 {[%emt 0:00:05]} Nb6 {[%emt 0:00:04]} 0-1